| 000 | 01843cam a22004814i 4500 | ||
|---|---|---|---|
| 003 | PE-LiUPU | ||
| 005 | 20250731173514.0 | ||
| 008 | 150616s r 000 0 d | ||
| 020 | _a0827605218 | ||
| 035 | _a(Sirsi) i9780827605213 | ||
| 040 |
_aPE-LiUPU _bspa _cPE-LiUPU _erda |
||
| 049 | _aPRUA | ||
| 082 | 0 | 4 |
_a222.1107 _bZ86 _221 |
| 100 | 1 |
_aZornberg, Avivah Gottlieb, _eautor. |
|
| 245 | 1 | 0 |
_aGenesis : _bThe Beginning of Desire / _cAvivah Gottlieb Zomberg. |
| 264 | 1 |
_aPhiladelphia : _bThe Jewish Publication Society, _c1995. |
|
| 300 |
_a456 páginas ; _c24 centímetros |
||
| 336 |
_atext _2rdacontent |
||
| 337 |
_aunmediated _2rdamedia |
||
| 338 |
_avolume _2rdacarrier |
||
| 504 | _aBibliografía: páginas 427-430. | ||
| 505 | 0 | _aThe Pivoting Point.- Kindness and Ecstasy.- Travails of Faith.- Language and Silence.- Vertigo - The Residue of the Akedab.- Sincerity and Authenticity.- Dispersions.- The Quest for Wholeness.- Re-membering the Dismenbered.- The Absence of the Imagination.- The Pit and the Rope.- The Beginning of Desire. | |
| 526 | _aSEG42 | ||
| 526 | _aSEG41 | ||
| 526 | _aSEG40 | ||
| 526 | _aSEG39 | ||
| 526 | _aP94 | ||
| 526 | _aP87 | ||
| 526 | _aP86 | ||
| 526 | _aP85 | ||
| 526 | _aP77 | ||
| 526 | _aP76 | ||
| 526 | _aP35 | ||
| 630 |
_aBiblia. _pA.T. _PG énesis _xComentarios. |
||
| 650 | 0 | 4 | _a |
| 910 |
_ajck _bjvq _cjck |
||
| 942 |
_2ddc _cBOOK |
||
| 949 |
_a222.1107 Z86 _wDEWEY _c1 _i41285 _lCCODEBUL1 _mBUL _r0 _sY _tBOOK _u2015-6-16 _xTEOLOGIA _zUNKNOWN _0COMPRA _o.STAFF. Colección General |
||
| 994 |
_aC0 _bPEPRU |
||
| 596 | _a1 | ||
| 999 |
_a222.1107 Z86 _wDEWEY _c59051 _i41285 _d59051 _f2021-11-9 _g5 _lCCODEBUL1 _mBUL _q2 _r0 _sY _tBOOK _u2015-6-16 _xTEOLOGIA _zUNKNOWN _0COMPRA _o.STAFF. Colección General |
||
| 980 |
_81 _gALBERTO SANCHEZ Responsable de Automatización |
||